000 00642nam a22002417a 4500
999 _c130804
_d130804
003 0
005 20190305141123.0
008 0
010 _aB-217404
020 _c300.00
_a818808140
035 _aB-217404 , B-217411,B-217431
037 _bCen Lib/Ret
040 _aDPL
_bEN
_c0
082 _aN
_bVAS
100 _aVasudeva, Pradeep
_930149
245 _aEncounters fair & foul /
_cby Pradeep Vasudeva
260 _bDish prakashan
_aDelhi
_c2006
270 _bDelhi
_a138/16, Onkar nagar-B, Tri nagar
_e110035
300 _a264p.
_c20cm(Hb)
650 _aLiterature
_96262
650 _aNovel
_922513
942 _2ddc
_cEN
_hN
_mVAS